[Event "Torneo de Otoño C.C.C. 2015"]
[Site "Colmenarejo ESP"]
[Date "2015.10.04"]
[Round "3.10"]
[White "Almodovar Manzanares, Vicente"]
[Black "Vazquez Rodriguez, Maria Elena"]
[Result "0-1"]
[WhiteElo "1378"]
[BlackElo "1591"]
[PlyCount "111"]
[EventDate "2015.09.20"]
[EventType "swiss"]
[EventRounds "7"]
[EventCountry "ESP"]
[Source "lmi"]
[SourceDate "2015.09.20"]

1. c4 Nf6 2. d4 d6 3. Nc3 g6 4. Nf3 Bg7 5. e4 Nbd7 6. Be3 O-O 7. Be2 b6 8. Qd2
Ng4 9. h3 Nxe3 10. Qxe3 Nf6 11. e5 Ne8 12. Rd1 e6 13. O-O c6 14. d5 c5 15. Rd2
Qe7 16. Rfd1 dxe5 17. d6 Qd7 18. Nxe5 Bxe5 19. Qxe5 Bb7 20. Nb5 f6 21. Qg3 e5
22. Bh5 Ng7 23. Bf3 Nf5 24. Qg4 Bxf3 25. Qxf3 Nd4 26. Qd5+ Kg7 27. Nc7 Rad8 28.
Rxd4 cxd4 29. Ne6+ Kh8 30. Nxf8 Rxf8 31. c5 bxc5 32. Qxc5 Rc8 33. Qb4 Rc6 34.
f4 Qxd6 35. Qxd6 Rxd6 36. fxe5 fxe5 37. Kf2 Rc6 38. Rd2 Kg7 39. Kf3 Kf6 40. Ke4
Ke6 41. Rf2 Rc8 42. g4 h6 43. h4 Rd8 44. g5 hxg5 45. hxg5 d3 46. Rf6+ Ke7 47.
Rf1 Ke6 48. Rf6+ Ke7 49. Rf1 d2 50. Rd1 Ke6 51. b4 Rd4+ 52. Ke3 Kf5 53. Rxd2
Rxb4 54. Rd5 Re4+ 55. Kd3 Ra4 56. Ke3 0-1

[Event "Torneo de Otoño C.C.C. 2015"]
[Site "Colmenarejo ESP"]
[Date "2015.10.11"]
[Round "4.1"]
[White "Lopez Perolio, Jorge"]
[Black "Garcia Fernandez, Jose Luis"]
[Result "1/2-1/2"]
[WhiteElo "1886"]
[BlackElo "1789"]
[PlyCount "133"]
[EventDate "2015.09.20"]
[EventType "swiss"]
[EventRounds "7"]
[EventCountry "ESP"]
[Source "lmi"]
[SourceDate "2015.09.20"]

1. d4 d5 2. Bf4 c6 3. Nf3 Qb6 4. Qc1 Bf5 5. e3 Nf6 6. h3 Nbd7 7. Be2 e6 8. O-O
Be7 9. c4 dxc4 10. Bxc4 O-O 11. Nh4 Be4 12. Nc3 c5 13. Nxe4 Nxe4 14. dxc5 Ndxc5
15. Nf3 Rac8 16. Qc2 Nf6 17. Qe2 Rfd8 18. Rac1 Nce4 19. Bb3 Nd5 20. Be5 Bf6 21.
Rxc8 Rxc8 22. Bxd5 exd5 23. Bd4 Bxd4 24. Nxd4 h6 25. Qg4 Rc4 26. b3 Rc3 27. Qf5
Nf6 28. Qe5 Qc7 29. Qxc7 Rxc7 30. Rd1 a6 31. Kf1 g6 32. f3 Kf8 33. Ke2 Ke7 34.
Kd3 Kd6 35. Ne2 b5 36. a3 Nd7 37. Nc3 Ke5 38. Kc2 Nb6 39. Rd4 f5 40. Kd2 Rc6
41. Na2 Rd6 42. Nb4 Nd7 43. Nd3+ Kf6 44. Nb4 Ke5 45. f4+ Ke6 46. Nd3 Rc6 47. b4
Rc4 48. h4 Kd6 49. Nb2 Rxd4+ 50. exd4 Nb6 51. Kc3 Nc4 52. Nd3 Nxa3 53. Ne5 Nc4
54. Nxg6 Ne3 55. g3 Nf1 56. Ne5 Ke6 57. g4 fxg4 58. Nxg4 h5 59. Nh6 Ne3 60. Kd3
Nf5 61. Nxf5 Kxf5 62. Ke3 Kg4 63. f5 Kxf5 64. Kf3 Ke6 65. Kf4 Kf6 66. Ke3 Kf5
67. Kf3 1/2-1/2

[Event "Torneo de Otoño C.C.C. 2015"]
[Site "Colmenarejo ESP"]
[Date "2015.10.11"]
[Round "4.2"]
[White "Fraga Suarez, Roberto"]
[Black "Melcon Diez, Enrique"]
[Result "1-0"]
[WhiteElo "1828"]
[BlackElo "1635"]
[PlyCount "83"]
[EventDate "2015.09.20"]
[EventType "swiss"]
[EventRounds "7"]
[EventCountry "ESP"]
[Source "lmi"]
[SourceDate "2015.09.20"]

1. d4 Nf6 2. c4 c5 3. d5 b5 4. cxb5 a6 5. Nc3 axb5 6. Nxb5 Ba6 7. Nc3 g6 8. Nf3
Bg7 9. g3 O-O 10. Bg2 d6 11. O-O Nbd7 12. h3 Nb6 13. Re1 Nc4 14. Rb1 Qa5 15.
Qc2 Rfb8 16. a4 Nd7 17. Ne4 Nde5 18. Ned2 Nb6 19. Nxe5 Bxe5 20. f4 Bg7 21. e4
Qxa4 22. b3 Qd4+ 23. Kh2 Bd3 24. Qb2 Bxb1 25. Qxb1 Ra1 26. Qc2 Rba8 27. Nf3 Qc3
28. Qd1 R8a2 29. Ng1 Rc2 30. Ne2 Rxe2 31. Qxe2 Rxc1 32. Rxc1 Qxc1 33. Qb5 Bd4
34. h4 c4 35. Qe8+ Kg7 36. Qxe7 cxb3 37. e5 Nxd5 38. Bxd5 Qg1+ 39. Kh3 Qf1+ 40.
Kg4 Qd1+ 41. Kh3 Qf1+ 42. Kg4 1-0

[Event "Torneo de Otoño C.C.C. 2015"]
[Site "Colmenarejo ESP"]
[Date "2015.10.11"]
[Round "4.3"]
[White "Dominguez Coig, Alvaro"]
[Black "Garcia Diaz, Alejandro"]
[Result "1-0"]
[WhiteElo "1684"]
[BlackElo "1770"]
[PlyCount "81"]
[EventDate "2015.09.20"]
[EventType "swiss"]
[EventRounds "7"]
[EventCountry "ESP"]
[Source "lmi"]
[SourceDate "2015.09.20"]

1. e4 c5 2. Nf3 d6 3. d4 cxd4 4. Nxd4 Nf6 5. Nc3 g6 6. Bg5 Bg7 7. Qd2 O-O 8.
O-O-O Nc6 9. Nb3 a5 10. Bb5 Bd7 11. Bh6 Bxh6 12. Qxh6 a4 13. Nd4 Nxd4 14. Rxd4
Bxb5 15. Nxb5 Qb6 16. c4 Rfc8 17. Kb1 a3 18. b3 e5 19. Rxd6 Qxf2 20. Rd2 Qc5
21. Nd6 Rc7 22. Rhd1 Ng4 23. Qg5 Nxh2 24. Qh4 Rd7 25. Qxh2 Rad8 26. Nxb7 Qc6
27. Nxd8 Qxe4+ 28. Kc1 Rxd2 29. Kxd2 Qd4+ 30. Ke2 Qg4+ 31. Ke1 Qe4+ 32. Kf1 Qc2
33. Re1 Qd3+ 34. Kg1 Qxd8 35. Qxe5 Qd2 36. Qe2 Qd4+ 37. Qe3 Qb2 38. Re2 Qb1+
39. Kh2 Qf5 40. Qe8+ Kg7 41. Qe5+ 1-0

[Event "Torneo de Otoño C.C.C. 2015"]
[Site "Colmenarejo ESP"]
[Date "2015.10.11"]
[Round "4.4"]
[White "Rodriguez Gomez, Jose"]
[Black "Urruti Diaz, Anibal Agustin"]
[Result "1-0"]
[WhiteElo "1650"]
[BlackElo "1765"]
[PlyCount "68"]
[EventDate "2015.09.20"]
[EventType "swiss"]
[EventRounds "7"]
[EventCountry "ESP"]
[Source "lmi"]
[SourceDate "2015.09.20"]

1. e4 e5 2. Nf3 Nc6 3. Bb5 a6 4. Ba4 Nf6 5. d3 b5 6. Bb3 Be7 7. c3 d6 8. h3 h6
9. O-O O-O 10. Re1 Bd7 11. Nbd2 Na5 12. Bc2 Nh7 13. Nf1 f5 14. b3 f4 15. d4 Nc6
16. Bb2 Qc8 17. N1h2 Rf6 18. dxe5 dxe5 19. Kh1 Be6 20. Qe2 g5 21. c4 g4 22.
hxg4 Bxg4 23. Nxg4 Qxg4 24. Bd1 Rg6 25. Qf1 Bb4 26. Re2 Rd8 27. Rc2 Ng5 28.
cxb5 axb5 29. Nxg5 Qxg5 30. Bf3 Rdd6 31. Qxb5 Nd4 32. Bxd4 Rxd4 33. a3 Qh4+ 34.
Kg1 Rd2 1-0

[Event "Torneo de Otoño C.C.C. 2015"]
[Site "Colmenarejo ESP"]
[Date "2015.10.11"]
[Round "4.5"]
[White "Mataix Fernandez, Ricardo"]
[Black "Laveda Ayllon, Jose David"]
[Result "1-0"]
[WhiteElo "1749"]
[BlackElo "1695"]
[PlyCount "41"]
[EventDate "2015.09.20"]
[EventType "swiss"]
[EventRounds "7"]
[EventCountry "ESP"]
[Source "lmi"]
[SourceDate "2015.09.20"]

1. e4 c5 2. d4 cxd4 3. c3 dxc3 4. Nxc3 Nc6 5. Bc4 e6 6. Qe2 d6 7. Nf3 a6 8. O-O
b5 9. Bb3 Bb7 10. Rd1 Qc7 11. Bf4 Rd8 12. Rac1 Qb8 13. Ng5 Nf6 14. Nxe6 fxe6
15. Bxe6 Ne5 16. Nd5 Bxd5 17. exd5 Be7 18. a4 Nf7 19. a5 Nd7 20. Re1 Nfe5 21.
h4 1-0

[Event "Torneo de Otoño C.C.C. 2015"]
[Site "Colmenarejo ESP"]
[Date "2015.10.11"]
[Round "4.6"]
[White "Rijpkema, Rimme"]
[Black "Olmedo Alvarez, Jesus"]
[Result "1-0"]
[WhiteElo "1586"]
[BlackElo "1598"]
[PlyCount "61"]
[EventDate "2015.09.20"]
[EventType "swiss"]
[EventRounds "7"]
[EventCountry "ESP"]
[Source "lmi"]
[SourceDate "2015.09.20"]

1. c4 Nf6 2. Nc3 g6 3. g3 b6 4. Bg2 c6 5. d4 Bb7 6. e4 d5 7. e5 Ne4 8. Nxe4
dxe4 9. Bxe4 e6 10. a3 Bg7 11. Nf3 O-O 12. b4 a6 13. O-O Nd7 14. Bg5 f6 15.
exf6 Bxf6 16. Bh6 Bg7 17. Qd2 Nf6 18. Bxg7 Kxg7 19. Ng5 Qe7 20. Rae1 Nxe4 21.
Rxe4 Rf6 22. Rfe1 Bc8 23. d5 Qd6 24. Qc3 exd5 25. Re7+ Kg8 26. Re8+ Kg7 27.
R1e7+ Kh6 28. Nxh7 Bh3 29. Qe3+ Rf4 30. gxf4 Rxe8 31. Qxh3# 1-0

[Event "Torneo de Otoño C.C.C. 2015"]
[Site "Colmenarejo ESP"]
[Date "2015.10.11"]
[Round "4.8"]
[White "Pena Hernandez, Francisco"]
[Black "Martin Andres, Carlos"]
[Result "1-0"]
[WhiteElo "1374"]
[BlackElo "1437"]
[PlyCount "123"]
[EventDate "2015.09.20"]
[EventType "swiss"]
[EventRounds "7"]
[EventCountry "ESP"]
[Source "lmi"]
[SourceDate "2015.09.20"]

1. d4 Nf6 2. Nf3 g6 3. Nc3 Bg7 4. e4 d6 5. h3 Nc6 6. Bf4 Nh5 7. Bh2 O-O 8. a3
Nf6 9. Bc4 Nxe4 10. Nxe4 d5 11. Bxd5 Qxd5 12. Nc3 Qe6+ 13. Ne2 Qd7 14. O-O b6
15. b4 Bb7 16. c3 e6 17. Qd3 Rab8 18. Rad1 Rfd8 19. Rd2 Ne7 20. Rfd1 Bc6 21.
Be5 f6 22. Bg3 Ba4 23. Re1 Nc6 24. Nf4 e5 25. Qc4+ Qf7 26. Qxf7+ Kxf7 27. dxe5
Rxd2 28. e6+ Ke7 29. Nxd2 Rd8 30. Nc4 Bb3 31. Nb2 Ne5 32. Ne2 Bxe6 33. Nd4 Bd7
34. Nc4 Kf7 35. Nxe5+ fxe5 36. Nf3 Re8 37. Bxe5 Bxe5 38. Rxe5 Rxe5 39. Nxe5+
Ke6 40. Nxd7 Kxd7 41. Kf1 b5 42. Ke2 Ke6 43. Ke3 Ke5 44. g3 c6 45. f3 g5 46.
f4+ gxf4+ 47. gxf4+ Kf5 48. Kf3 h6 49. Ke3 h5 50. Kf3 Kf6 51. Ke4 Ke6 52. h4 a6
53. f5+ Kd6 54. Kd4 Ke7 55. Ke5 Kf7 56. f6 Kf8 57. Ke6 Ke8 58. f7+ Kd8 59.
f8=Q+ Kc7 60. Qe7+ Kc8 61. Kd6 Kb8 62. Kxc6 1-0

[Event "Torneo de Otoño C.C.C. 2015"]
[Site "Colmenarejo ESP"]
[Date "2015.10.18"]
[Round "5.1"]
[White "Mataix Fernandez, Ricardo"]
[Black "Lopez Perolio, Jorge"]
[Result "0-1"]
[WhiteElo "1749"]
[BlackElo "1886"]
[PlyCount "64"]
[EventDate "2015.09.20"]
[EventType "swiss"]
[EventRounds "7"]
[EventCountry "ESP"]
[Source "lmi"]
[SourceDate "2015.09.20"]

1. e4 d5 2. exd5 Qxd5 3. Nc3 Qa5 4. h3 Nf6 5. Nf3 c6 6. Bc4 Bf5 7. d3 Nbd7 8.
O-O h6 9. Bf4 e6 10. a3 Be7 11. Re1 O-O 12. Nd4 Rfe8 13. b4 Qd8 14. Nxf5 exf5
15. Bb3 a5 16. bxa5 Qxa5 17. Bd2 Bc5 18. Ne4 Qc7 19. Nxc5 Rxe1+ 20. Bxe1 Nxc5
21. Ba2 Re8 22. Bb4 Ne6 23. Bc3 Nd5 24. Bxd5 cxd5 25. Bb4 Nd4 26. Rc1 Ne2+ 27.
Kh1 Nxc1 28. Qxc1 Qe5 29. Qd2 Qe2 30. c4 dxc4 31. dxc4 Qxc4 32. Qf4 Qxf4 0-1

[Event "Torneo de Otoño C.C.C. 2015"]
[Site "Colmenarejo ESP"]
[Date "2015.10.18"]
[Round "5.2"]
[White "Garcia Fernandez, Jose Luis"]
[Black "Rodriguez Gomez, Jose"]
[Result "1-0"]
[WhiteElo "1789"]
[BlackElo "1650"]
[PlyCount "113"]
[EventDate "2015.09.20"]
[EventType "swiss"]
[EventRounds "7"]
[EventCountry "ESP"]
[Source "lmi"]
[SourceDate "2015.09.20"]

1. e4 e5 2. Nc3 Nf6 3. f4 d6 4. Nf3 Nc6 5. Bc4 Bg4 6. h3 Bxf3 7. Qxf3 Nd4 8.
Qd1 a6 9. d3 Be7 10. Be3 Nc6 11. Qf3 Na5 12. O-O-O b5 13. Bd5 c6 14. Bb3 Nxb3+
15. axb3 Qc7 16. g4 g6 17. Rdf1 O-O-O 18. fxe5 dxe5 19. Bg5 Rd6 20. Rf2 h6 21.
Be3 Re6 22. Rhf1 Rh7 23. Qg2 Bd8 24. Rf3 Ng8 25. Qf2 f6 26. Bc5 Rf7 27. Kb1 Kb7
28. Qe3 g5 29. Ne2 Be7 30. Ng3 Bxc5 31. Qxc5 Qb6 32. Qc3 Ne7 33. Nh5 c5 34. Qd2
Ng6 35. Ng3 Nf4 36. Nf5 Rh7 37. Qe1 Qc7 38. h4 h5 39. gxh5 Rxh5 40. hxg5 fxg5
41. Rg3 Rg6 42. Rfg1 Qd8 43. Rg4 Kb6 44. Qf2 Kc6 45. b4 cxb4 46. Qa7 Re6 47.
Qxa6+ Kd7 48. Qxb5+ Kc8 49. Ng7 Rh2 50. Nxe6 Nxe6 51. Qc6+ Qc7 52. Qxe6+ Kb7
53. Qc4 Qb6 54. Rxg5 Rh7 55. Rg7+ Rxg7 56. Rxg7+ Kb8 57. Qg8+ 1-0

[Event "Torneo de Otoño C.C.C. 2015"]
[Site "Colmenarejo ESP"]
[Date "2015.10.18"]
[Round "5.3"]
[White "Dominguez Coig, Alvaro"]
[Black "Fraga Suarez, Roberto"]
[Result "1/2-1/2"]
[WhiteElo "1684"]
[BlackElo "1828"]
[PlyCount "101"]
[EventDate "2015.09.20"]
[EventType "swiss"]
[EventRounds "7"]
[EventCountry "ESP"]
[Source "lmi"]
[SourceDate "2015.09.20"]

1. e4 c5 2. Nf3 d6 3. d4 cxd4 4. Nxd4 Nf6 5. Nc3 a6 6. f3 e5 7. Nb3 Be7 8. Be3
O-O 9. Qd2 b5 10. O-O-O Nbd7 11. g4 Bb7 12. Qf2 b4 13. Ne2 Qc7 14. g5 Nxe4 15.
fxe4 Bxe4 16. Ng3 Bxh1 17. Nxh1 a5 18. Kb1 a4 19. Nc1 Nc5 20. Ng3 Rfd8 21. Bg2
Rab8 22. Bd5 Ne6 23. h4 Rf8 24. Nf5 g6 25. Nh6+ Kg7 26. Ng4 Nc5 27. Nf6 Rbc8
28. h5 Rb8 29. Rh1 Bxf6 30. Qxf6+ Kg8 31. h6 Ne6 32. Bxe6 fxe6 33. Qxe6+ Kh8
34. Rd1 Rbc8 35. Rd2 Rf1 36. Qxd6 Qxd6 37. Rxd6 Re1 38. Bd2 Rg1 39. a3 bxa3 40.
bxa3 Rb8+ 41. Ka2 Kg8 42. Nd3 Rbb1 43. Bc3 Rbd1 44. Bxe5 Rxg5 45. Ra6 Rxd3 46.
cxd3 Rxe5 47. Rxa4 Rd5 48. d4 g5 49. Ra8+ Kf7 50. Ra7+ Kg6 51. Ra6+ 1/2-1/2

[Event "Torneo de Otoño C.C.C. 2015"]
[Site "Colmenarejo ESP"]
[Date "2015.10.18"]
[Round "5.4"]
[White "Garcia Diaz, Alejandro"]
[Black "Rijpkema, Rimme"]
[Result "1-0"]
[WhiteElo "1770"]
[BlackElo "1586"]
[PlyCount "41"]
[EventDate "2015.09.20"]
[EventType "swiss"]
[EventRounds "7"]
[EventCountry "ESP"]
[Source "lmi"]
[SourceDate "2015.09.20"]

1. e4 e6 2. d4 b6 3. c4 Bb7 4. Nc3 Nf6 5. e5 Ne4 6. Nxe4 Bxe4 7. a3 d6 8. Qg4
Bf5 9. Qf3 Nd7 10. Bf4 dxe5 11. dxe5 c5 12. Rd1 Rc8 13. Ne2 h5 14. h4 Qc7 15.
Qe3 Be7 16. Ng3 Bg6 17. Be2 O-O 18. Nxh5 Qd8 19. Bg5 Bxg5 20. hxg5 Qe7 21. Rxd7
1-0

[Event "Torneo de Otoño C.C.C. 2015"]
[Site "Colmenarejo ESP"]
[Date "2015.10.18"]
[Round "5.5"]
[White "Urruti Diaz, Anibal Agustin"]
[Black "Firth, Roy Arthur"]
[Result "1-0"]
[WhiteElo "1765"]
[BlackElo "1437"]
[PlyCount "75"]
[EventDate "2015.09.20"]
[EventType "swiss"]
[EventRounds "7"]
[EventCountry "ESP"]
[Source "lmi"]
[SourceDate "2015.09.20"]

1. e4 e5 2. Nf3 d6 3. d4 exd4 4. Nxd4 Be7 5. Bc4 Nf6 6. Nc3 Bg4 7. f3 Bh5 8.
Nf5 O-O 9. O-O Bg6 10. Nxe7+ Qxe7 11. Bg5 c6 12. Qd2 Qe5 13. Kh1 b5 14. Bb3 Na6
15. Bf4 Qe8 16. Qxd6 Rd8 17. Qe5 Nd7 18. Qg5 Kh8 19. Bd6 h6 20. Qg3 Rg8 21.
Rae1 Nac5 22. e5 Nxb3 23. cxb3 Bd3 24. Rf2 Qe6 25. Rd2 Bf5 26. f4 g5 27. Bc7
gxf4 28. Qxf4 Rg4 29. Qe3 Rdg8 30. Rd6 Qe7 31. Rxh6+ Kg7 32. Rxc6 Qg5 33. Qxg5+
Rxg5 34. Nxb5 Kh7 35. Nd4 Nb8 36. Bxb8 Rxb8 37. Rc7 Rbg8 38. Rxf7+ 1-0

[Event "Torneo de Otoño C.C.C. 2015"]
[Site "Colmenarejo ESP"]
[Date "2015.10.18"]
[Round "5.6"]
[White "Laveda Ayllon, Jose David"]
[Black "Orta Vazquez, Mario"]
[Result "1-0"]
[WhiteElo "1695"]
[BlackElo "1409"]
[PlyCount "59"]
[EventDate "2015.09.20"]
[EventType "swiss"]
[EventRounds "7"]
[EventCountry "ESP"]
[Source "lmi"]
[SourceDate "2015.09.20"]

1. e4 c5 2. Nf3 Nc6 3. d4 cxd4 4. Nxd4 e5 5. Nf3 Nf6 6. Bg5 Be7 7. Nc3 Qa5 8.
Qd2 d6 9. Bc4 Qc7 10. Bxf6 Bxf6 11. Nd5 Qd8 12. Nxf6+ Qxf6 13. O-O-O Ke7 14. h3
h6 15. Nh2 Rd8 16. Ng4 Bxg4 17. hxg4 Nd4 18. Qb4 Qf4+ 19. Kb1 Qxe4 20. Bb3 Rac8
21. Rhe1 Qxg4 22. Rxd4 Qxg2 23. Rxe5+ Kf8 24. Rxd6 Kg8 25. Rxd8+ Rxd8 26. Qe1
Qxf2 27. a4 Qf3 28. c3 Kf8 29. Qh4 f6 30. Qb4+ 1-0

[Event "Torneo de Otoño C.C.C. 2015"]
[Site "Colmenarejo ESP"]
[Date "2015.10.18"]
[Round "5.7"]
[White "Olmedo Alvarez, Jesus"]
[Black "Almodovar Manzanares, Vicente"]
[Result "0-1"]
[WhiteElo "1598"]
[BlackElo "1378"]
[PlyCount "60"]
[EventDate "2015.09.20"]
[EventType "swiss"]
[EventRounds "7"]
[EventCountry "ESP"]
[Source "lmi"]
[SourceDate "2015.09.20"]

1. d4 e6 2. e4 d5 3. e5 c5 4. c3 cxd4 5. cxd4 Nc6 6. Nf3 a6 7. Nc3 Bb4 8. a3
Ba5 9. b4 Bb6 10. Be3 Nge7 11. Nh4 Nf5 12. Nxf5 exf5 13. f4 Be6 14. Na4 Ba7 15.
Rc1 f6 16. Nc5 Bxc5 17. Rxc5 fxe5 18. fxe5 Qh4+ 19. g3 Qe4 20. Rxc6 Qxe3+ 21.
Qe2 Qxe2+ 22. Bxe2 bxc6 23. O-O O-O 24. Bd3 a5 25. b5 cxb5 26. Bxb5 Rab8 27.
Ba4 Rb2 28. Rf3 Rc8 29. Rf1 Rc4 30. Bd1 Rxd4 0-1

[Event "Torneo de Otoño C.C.C. 2015"]
[Site "Colmenarejo ESP"]
[Date "2015.10.18"]
[Round "5.9"]
[White "Parra Deon, Enrique"]
[Black "Lucarelli, Leonardo"]
[Result "0-1"]
[WhiteElo "1234"]
[BlackElo "1552"]
[PlyCount "104"]
[EventDate "2015.09.20"]
[EventType "swiss"]
[EventRounds "7"]
[EventCountry "ESP"]
[Source "lmi"]
[SourceDate "2015.09.20"]

1. e4 d6 2. d4 Nf6 3. Nc3 e6 4. Bd3 Be7 5. Nf3 O-O 6. Bf4 b6 7. O-O Bb7 8. Re1
c5 9. Bb5 a6 10. Be2 Nxe4 11. Nxe4 Bxe4 12. dxc5 bxc5 13. Nd2 Bg6 14. Nc4 d5
15. Bf3 Ra7 16. Ne5 Bf6 17. Nxg6 hxg6 18. c3 Nc6 19. Be3 Qb6 20. Rb1 d4 21.
cxd4 Nxd4 22. Be4 Rd8 23. Qc1 Rad7 24. g3 e5 25. Kg2 a5 26. Qc4 Ne6 27. h4 g5
28. h5 Qb4 29. Qc2 Nd4 30. Qd1 g4 31. Qxg4 c4 32. h6 g6 33. Rh1 Kh7 34. Rh5 Ne6
35. Rhh1 Qe7 36. Bb6 Rc8 37. Bxa5 Qc5 38. Bxg6+ fxg6 39. Qxe6 Qd5+ 40. Qxd5
Rxd5 41. Bc3 Bg5 42. g4 e4 43. Rbe1 Re8 44. Bg7 Rd2 45. Kg3 e3 46. f4 Bd8 47.
Kf3 Bb6 48. f5 gxf5 49. gxf5 Rf2+ 50. Kg4 e2 51. Bc3 Rg8+ 52. Kh4 Rf4+ 0-1

[Event "Torneo de Otoño C.C.C. 2015"]
[Site "Colmenarejo ESP"]
[Date "2015.10.25"]
[Round "6.1"]
[White "Lopez Perolio, Jorge"]
[Black "Dominguez Coig, Alvaro"]
[Result "1-0"]
[WhiteElo "1886"]
[BlackElo "1684"]
[PlyCount "59"]
[EventDate "2015.09.20"]
[EventType "swiss"]
[EventRounds "7"]
[EventCountry "ESP"]
[Source "lmi"]
[SourceDate "2015.09.20"]

1. Nf3 Nf6 2. d4 e6 3. Bf4 b6 4. e3 Bb7 5. Bd3 Be7 6. Nbd2 d6 7. c4 Nbd7 8. h3
c5 9. O-O O-O 10. a3 Nh5 11. Bh2 f5 12. b4 Nhf6 13. Ng5 Qe8 14. Nxe6 Qg6 15. d5
Rf7 16. Nf4 Qg5 17. Nf3 Qh6 18. Bxf5 Nf8 19. Bd3 Bc8 20. bxc5 bxc5 21. Ne2 g5
22. Nd2 Ng6 23. Ne4 Ne5 24. Bxe5 dxe5 25. N2g3 Bxh3 26. gxh3 Qxh3 27. Nxg5 Qh4
28. Nxf7 Ng4 29. Nh6+ Nxh6 30. Qh5 1-0

[Event "Torneo de Otoño C.C.C. 2015"]
[Site "Colmenarejo ESP"]
[Date "2015.10.25"]
[Round "6.2"]
[White "Fraga Suarez, Roberto"]
[Black "Garcia Fernandez, Jose Luis"]
[Result "1/2-1/2"]
[WhiteElo "1828"]
[BlackElo "1789"]
[PlyCount "85"]
[EventDate "2015.09.20"]
[EventType "swiss"]
[EventRounds "7"]
[EventCountry "ESP"]
[Source "lmi"]
[SourceDate "2015.09.20"]

1. d4 d5 2. c4 c6 3. Nf3 Bf5 4. cxd5 cxd5 5. Qb3 b6 6. Bg5 h6 7. Bh4 Nf6 8. Nc3
e6 9. e3 Be7 10. Bb5+ Nfd7 11. Bg3 O-O 12. O-O a6 13. Qa4 Nf6 14. Rac1 Ra7 15.
Ne5 Nfd7 16. f3 Nxe5 17. Bxe5 Nd7 18. Bf4 Nf6 19. Rfe1 Nh5 20. Ne2 Nxf4 21.
Nxf4 Qb8 22. Bd3 Bxd3 23. Nxd3 Bd6 24. f4 b5 25. Qd1 Rc8 26. Nc5 b4 27. Re2 Qb5
28. Nd3 Rxc1 29. Nxc1 Rc7 30. Rc2 Rc4 31. Nd3 Rxc2 32. Qxc2 Qc4 33. Qb1 f6 34.
Kf2 a5 35. b3 Qc3 36. Ke2 Kf7 37. Qc1 Qxc1 38. Nxc1 e5 39. g3 exf4 40. exf4 g5
41. fxg5 fxg5 42. Kf3 h5 43. h3 1/2-1/2

[Event "Torneo de Otoño C.C.C. 2015"]
[Site "Colmenarejo ESP"]
[Date "2015.10.25"]
[Round "6.3"]
[White "Rodriguez Gomez, Jose"]
[Black "Garcia Diaz, Alejandro"]
[Result "1/2-1/2"]
[WhiteElo "1650"]
[BlackElo "1770"]
[PlyCount "82"]
[EventDate "2015.09.20"]
[EventType "swiss"]
[EventRounds "7"]
[EventCountry "ESP"]
[Source "lmi"]
[SourceDate "2015.09.20"]

1. e4 c5 2. Nf3 d6 3. c3 Nf6 4. d3 Nc6 5. Be2 g6 6. Bg5 Bg7 7. Nbd2 h6 8. Be3
Ng4 9. Bf4 g5 10. Bg3 Nge5 11. Nxe5 Nxe5 12. Nf3 Nxf3+ 13. Bxf3 Qb6 14. Rb1 O-O
15. O-O f5 16. exf5 Bxf5 17. Re1 Bf6 18. Bd5+ Kg7 19. Be4 Bxe4 20. dxe4 e5 21.
Qd5 h5 22. f3 Qc6 23. Red1 Qxd5 24. Rxd5 Be7 25. c4 Rf6 26. h3 h4 27. Bf2 Raf8
28. Rd3 a6 29. b4 cxb4 30. Rxb4 Rb8 31. Rbb3 Rf7 32. Bb6 Rc8 33. Rdc3 Bd8 34.
a4 Bxb6+ 35. Rxb6 Rd7 36. Rbb3 Rc5 37. Rc2 Rdc7 38. Rbc3 b5 39. axb5 axb5 40.
Rd2 Rxc4 41. Rxc4 bxc4 1/2-1/2

[Event "Torneo de Otoño C.C.C. 2015"]
[Site "Colmenarejo ESP"]
[Date "2015.10.25"]
[Round "6.4"]
[White "Melcon Diez, Enrique"]
[Black "Urruti Diaz, Anibal Agustin"]
[Result "1-0"]
[WhiteElo "1635"]
[BlackElo "1765"]
[PlyCount "77"]
[EventDate "2015.09.20"]
[EventType "swiss"]
[EventRounds "7"]
[EventCountry "ESP"]
[Source "lmi"]
[SourceDate "2015.09.20"]

1. c4 e5 2. Nc3 Nf6 3. Nf3 Nc6 4. e3 d6 5. d4 Bg4 6. Be2 Be7 7. d5 Nb8 8. O-O
O-O 9. e4 Nbd7 10. Ng5 Bxe2 11. Qxe2 Ne8 12. Nf3 f5 13. exf5 Rxf5 14. Qc2 Rf7
15. Ne4 h6 16. h3 Nef6 17. Nh2 Nxe4 18. Qxe4 Nc5 19. Qc2 Bg5 20. Ng4 Bxc1 21.
Raxc1 Qg5 22. Rce1 h5 23. Nh2 Re8 24. b4 Nd7 25. Re3 h4 26. Nf3 Qh5 27. Re4 g5
28. Nxg5 Rf4 29. Rxf4 exf4 30. Ne6 f3 31. gxf3 Ne5 32. Qe2 Qf5 33. Kg2 Kf7 34.
f4 Ng6 35. Qg4 Qxg4+ 36. hxg4 c6 37. Re1 cxd5 38. Ng5+ Kf8 39. Nh7+ 1-0

[Event "Torneo de Otoño C.C.C. 2015"]
[Site "Colmenarejo ESP"]
[Date "2015.10.25"]
[Round "6.5"]
[White "Vazquez Rodriguez, Maria Elena"]
[Black "Mataix Fernandez, Ricardo"]
[Result "1/2-1/2"]
[WhiteElo "1591"]
[BlackElo "1749"]
[PlyCount "125"]
[EventDate "2015.09.20"]
[EventType "swiss"]
[EventRounds "7"]
[EventCountry "ESP"]
[Source "lmi"]
[SourceDate "2015.09.20"]

1. d4 Nf6 2. c4 c5 3. dxc5 Qa5+ 4. Nc3 Qxc5 5. b3 g6 6. e3 Bg7 7. Bd3 O-O 8.
Nge2 d5 9. O-O Na6 10. Nd4 e5 11. Ndb5 Bg4 12. Qd2 Rfd8 13. Ba3 Qc6 14. Rac1
dxc4 15. bxc4 Bf5 16. e4 Nxe4 17. Qe3 Nxc3 18. Bxf5 gxf5 19. Rxc3 Nc7 20. Nxc7
Qxc7 21. h3 Rd4 22. Rfc1 f4 23. Qe2 Rad8 24. Qg4 Qd7 25. Qxd7 R4xd7 26. Rb3 b6
27. Rb5 h6 28. c5 Rd1+ 29. Kh2 Rxc1 30. Bxc1 Rd5 31. g3 fxg3+ 32. fxg3 Rxc5 33.
Rxc5 bxc5 34. Be3 c4 35. Bxa7 e4 36. Kg2 c3 37. a4 c2 38. Be3 Bd4 39. Bc1 f5
40. Kf1 h5 41. Ke2 Kf7 42. Kd2 Bf2 43. a5 Bxg3 44. Kxc2 Bc7 45. a6 Bb6 46. Bf4
Ba7 47. Kd2 Ke6 48. Be3 Bb8 49. a7 Bxa7 50. Bxa7 f4 51. Bb8 Kf5 52. Ke2 Kg5 53.
Bd6 f3+ 54. Kf2 Kh4 55. Bf4 Kxh3 56. Be3 h4 57. Kg1 Kg3 58. Bf2+ Kg4 59. Kh2 h3
60. Be3 Kh4 61. Bf2+ Kg4 62. Be3 Kh4 63. Bf2+ 1/2-1/2

[Event "Torneo de Otoño C.C.C. 2015"]
[Site "Colmenarejo ESP"]
[Date "2015.10.25"]
[Round "6.6"]
[White "Almodovar Manzanares, Vicente"]
[Black "Laveda Ayllon, Jose David"]
[Result "0-1"]
[WhiteElo "1378"]
[BlackElo "1695"]
[PlyCount "59"]
[EventDate "2015.09.20"]
[EventType "swiss"]
[EventRounds "7"]
[EventCountry "ESP"]
[Source "lmi"]
[SourceDate "2015.09.20"]

1. c4 c5 2. e3 g6 3. d4 Bg7 4. Nf3 Nc6 5. g3 e6 6. dxc5 Qa5+ 7. Bd2 Qxc5 8. Bc3
Nf6 9. Nbd2 O-O 10. Nb3 Qe7 11. a3 b6 12. Bg2 Bb7 13. Ne5 Rfd8 14. Qe2 d5 15.
Nxc6 Bxc6 16. Bb4 Qb7 17. Nd4 Rac8 18. Nxc6 Qxc6 19. Rc1 a5 20. Bd2 Ne4 21.
Bxe4 dxe4 22. Rc2 Rd6 23. O-O Qa4 24. Rfc1 Qb3 25. Bc3 Rxc4 26. Bxg7 Rxc2 27.
Rxc2 Kxg7 28. Kg2 Qd5 29. f3 exf3+ 30. Qxf3 0-1